[Event "ISR-chT (Women)"]
[Site "Ramat Gan"]
[Date "2023.07.08"]
[Round "4.2"]
[White "Brusilovski, Lena"]
[Black "Vardi, Shlomit"]
[Result "0-1"]
[WhiteElo "1775"]
[BlackElo "1826"]
[PlyCount "56"]
[EventDate "2023.07.06"]
[EventType "team-swiss"]
[EventRounds "5"]
[EventCountry "ISR"]
[SourceTitle "CBM 215 Extra"]
[Source "ChessBase"]
[SourceDate "2023.09.30"]
[SourceVersion "1"]
[SourceVersionDate "2023.09.30"]
[SourceQuality "1"]
[WhiteTeam "Beer Sheva (W)"]
[BlackTeam "Rishon Le Zion (W) II"]
[WhiteTeamCountry "ISR"]
[BlackTeamCountry "ISR"]

1. e4 d6 2. d4 g6 3. f4 Bg7 4. Nf3 Nf6 5. Bd3 c5 6. c3 0-0 7. 0-0 cxd4 8. cxd4 Nc6 9. Nc3 Bg4 10. d5 Nd4 11. Be2 Bxf3 12. Bxf3 Nxf3+ 13. Qxf3 Nd7 14. Be3 a6 15. Ne2 Qa5 16. Bd4 Bxd4+ 17. Nxd4 Qb6 18. Rfd1 Rac8 19. b3 Rc7 20. Kh1 Rfc8 21. f5 Ne5 22. Qf4 Rc3 23. h3 Nd3 24. Rxd3 Rxd3 25. fxg6 hxg6 26. Nf3 Qf2 27. Qh6 Rxf3 28. gxf3 Rc2 0-1

[Event "ISR-ch (Women)"]
[Site "Jerusalem"]
[Date "2021.03.15"]
[Round "9"]
[White "Levitan, Ronit"]
[Black "Vardi, Shlomit"]
[Result "0-1"]
[WhiteElo "2048"]
[BlackElo "1901"]
[PlyCount "120"]
[EventDate "2021.03.07"]
[EventType "swiss"]
[EventRounds "9"]
[EventCountry "ISR"]
[SourceTitle "CBM 201 Extra"]
[Source "ChessBase"]
[SourceDate "2021.05.31"]
[SourceVersion "1"]
[SourceVersionDate "2021.05.31"]
[SourceQuality "1"]

1. e4 d6 2. d4 g6 3. Nc3 Bg7 4. Nf3 a6 5. a4 Nf6 6. Be3 0-0 7. Qd2 Nc6 8. Bh6 e5 9. d5 Ne7 10. Bxg7 Kxg7 11. h4 h5 12. Nh2 Rb8 13. f4 exf4 14. Qxf4 c6 15. Bd3 cxd5 16. 0-0 Nc6 17. exd5 Ne5 18. Qd4 b5 19. a5 Bg4 20. Rae1 Qxa5 21. Kh1 Qb6 22. Qf4 Qd8 23. Be2 b4 24. Ne4 Nxd5 25. Qd2 Be6 26. Ng5 Qb6 27. Bf3 Nc7 28. Qf4 f6 29. Nxe6+ Nxe6 30. Qg3 Kh7 31. Bd5 Ng7 32. Nf3 Qc5 33. Be4 f5 34. Ng5+ Kg8 35. Bf3 Rbe8 36. Nh3 Qc4 37. Nf4 Nxf3 38. Qxf3 Rxe1 39. Rxe1 Kh7 40. Re7 Re8 41. Rxe8 Nxe8 42. Qg3 Qf7 43. Qe1 Nf6 44. Qxb4 Qe7 45. g3 Ng4 46. Qd2 Ne3 47. Nh3 Qe4+ 48. Kg1 Qe5 49. Ng5+ Kg7 50. Kf2 Qxg3+ 51. Kxg3 Nf1+ 52. Kf2 Nxd2 53. Ne6+ Kf6 54. Nc7 a5 55. b3 g5 56. hxg5+ Kxg5 57. Ne6+ Kg4 58. Nd4 h4 59. Kg2 h3+ 60. Kh1 f4 0-1

[Event "EU-Cup (Women) 24th"]
[Site "Ulcinj"]
[Date "2019.11.16"]
[Round "7.7"]
[White "Vardi, Shlomit"]
[Black "Bukhteeva, Viktoria"]
[Result "1-0"]
[WhiteElo "1935"]
[BlackElo "2110"]
[PlyCount "101"]
[EventDate "2019.11.10"]
[EventType "team-swiss"]
[EventRounds "7"]
[EventCountry "MNE"]
[SourceTitle "CBM 193 Extra"]
[Source "ChessBase"]
[SourceDate "2020.01.31"]
[SourceVersion "1"]
[SourceVersionDate "2020.01.31"]
[SourceQuality "1"]
[WhiteTeam "Rishon Le Zion (W)"]
[BlackTeam "Gambit Asseco See (W)"]
[WhiteTeamCountry "ISR"]
[BlackTeamCountry "MKD"]

1. e4 e5 2. Nf3 Nc6 3. Bc4 Nf6 4. d3 Bc5 5. 0-0 d6 6. c3 a6 7. a4 Ba7 8. Re1 h6 9. Be3 0-0 10. Nbd2 Kh8 11. Nf1 Ne7 12. d4 exd4 13. Bxd4 Bxd4 14. cxd4 d5 15. e5 Ne4 16. Bd3 Bf5 17. Nh4 Bh7 18. f3 Nc6 19. g3 Ng5 20. Bxh7 Kxh7 21. Qd3+ Kg8 22. Rad1 Ne6 23. Qe3 Nb4 24. Re2 Qd7 25. Qb3 a5 26. Ne3 Ng5 27. f4 Nh3+ 28. Kg2 g5 29. Nhf5 gxf4 30. Nxh6+ Kh8 31. Nef5 Ng5 32. gxf4 Nh7 33. Kh1 Ra6 34. Rg2 Rg6 35. Rdg1 Qe6 36. Qd1 Rxh6 37. Nxh6 Qxh6 38. Qg4 Qg6 39. Qh4 Qe4 40. h3 Nc2 41. Qg3 Qg6 42. Qxg6 fxg6 43. Rxc2 Rxf4 44. Rxc7 Nf8 45. Rg4 Rf3 46. Rh4+ Kg8 47. Rxb7 Ne6 48. Rhh7 Nf4 49. Rbg7+ Kf8 50. Ra7 Kg8 51. Rhd7 1-0

[Event "EU-Cup (Women) 24th"]
[Site "Ulcinj"]
[Date "2019.11.11"]
[Round "2.6"]
[White "Vardi, Shlomit"]
[Black "Blagojevic, Tijana"]
[Result "0-1"]
[WhiteElo "1935"]
[BlackElo "2169"]
[PlyCount "86"]
[EventDate "2019.11.10"]
[EventType "team-swiss"]
[EventRounds "7"]
[EventCountry "MNE"]
[SourceTitle "CBM 193 Extra"]
[Source "ChessBase"]
[SourceDate "2020.01.31"]
[SourceVersion "1"]
[SourceVersionDate "2020.01.31"]
[SourceQuality "1"]
[WhiteTeam "Rishon Le Zion (W)"]
[BlackTeam "Jelica (W)"]
[WhiteTeamCountry "ISR"]
[BlackTeamCountry "SRB"]

1. e4 c5 2. Nc3 d6 3. d4 cxd4 4. Qxd4 Nc6 5. Bb5 Bd7 6. Bxc6 Bxc6 7. Nf3 h6 8. Be3 e5 9. Qd3 Nf6 10. 0-0 Be7 11. Rad1 a6 12. a4 0-0 13. b4 Rc8 14. b5 Bd7 15. Nd5 Nxd5 16. Qxd5 Qc7 17. Rc1 Be6 18. Qd2 Qc4 19. bxa6 bxa6 20. Rfe1 Kh7 21. a5 f5 22. exf5 Bxf5 23. Re2 Bg4 24. Ree1 Qc6 25. Bb6 Bxf3 26. gxf3 Rxf3 27. c4 Rf4 28. Qd5 Rg4+ 29. Kf1 Rxc4 30. Rcd1 Qe8 31. Re3 Qh5 32. Qd3+ Kh8 33. h3 Bg5 34. Rg3 Bf4 35. Rg4 Rc3 36. Qg6 Qxh3+ 37. Rg2 Bg5 38. Qxd6 Rc1 39. Rxc1 Rxc1+ 40. Ke2 Rc2+ 41. Kd1 Rd2+ 42. Qxd2 Bxd2 43. Rg3 Qd7 0-1

[Event "Innsbruck op-B 3rd"]
[Site "Innsbruck"]
[Date "2019.08.26"]
[Round "3"]
[White "Vardi, Shlomit"]
[Black "Lerch, Johannes"]
[Result "1/2-1/2"]
[WhiteElo "1925"]
[BlackElo "1857"]
[PlyCount "65"]
[EventDate "2019.08.25"]
[EventType "swiss"]
[EventRounds "9"]
[EventCountry "AUT"]
[SourceTitle "EXT 2020"]
[Source "ChessBase"]
[SourceDate "2019.10.17"]
[SourceVersion "1"]
[SourceVersionDate "2019.10.17"]
[SourceQuality "1"]

1. e4 c5 2. Nc3 Nc6 3. Bb5 Nd4 4. Nf3 Nxb5 5. Nxb5 a6 6. Nc3 e6 7. d4 cxd4 8. Qxd4 Ne7 9. Bf4 Nc6 10. Qd2 Bc5 11. 0-0 0-0 12. Rad1 b5 13. Bd6 Bxd6 14. Qxd6 Qe7 15. Qxe7 Nxe7 16. Rd6 Nc6 17. Rfd1 f6 18. R1d2 Kf7 19. Nd4 Nxd4 20. R2xd4 Ke7 21. Rb6 Ra7 22. a4 bxa4 23. Nxa4 Bb7 24. Rdb4 Bc6 25. f3 Bxa4 26. Rxa4 Rfa8 27. Ra5 Kd8 28. c4 Kc7 29. Rb3 Rb7 30. Rc5+ Kb8 31. Rd3 Rc7 32. Rb3+ Rb7 33. Rd3 1/2-1/2

[Event "ISR-ch (Women)"]
[Site "Maalot Tarshiha"]
[Date "2018.12.18"]
[Round "7"]
[White "Lahav, Michal"]
[Black "Vardi, Shlomit"]
[Result "1/2-1/2"]
[WhiteElo "2059"]
[BlackElo "1910"]
[PlyCount "25"]
[EventDate "2018.12.12"]
[EventType "swiss"]
[EventRounds "9"]
[EventCountry "ISR"]
[SourceTitle "CBM 187 Extra"]
[Source "ChessBase"]
[SourceDate "2018.11.04"]
[SourceVersion "1"]
[SourceVersionDate "2018.11.04"]
[SourceQuality "1"]

1. e4 d6 2. d4 g6 3. Nc3 Bg7 4. h3 c6 5. a4 Nd7 6. g3 Ngf6 7. Bg2 e5 8. Nge2 0-0 9. 0-0 Re8 10. Be3 exd4 11. Bxd4 Qa5 12. Be3 Nc5 13. Qd2 1/2-1/2

[Event "Portoroz op 12th"]
[Site "Portoroz"]
[Date "2018.07.18"]
[Round "6"]
[White "Vardi, Shlomit"]
[Black "Marchesich, Giovanni"]
[Result "1/2-1/2"]
[WhiteElo "1871"]
[BlackElo "2059"]
[PlyCount "68"]
[EventDate "2018.07.14"]
[EventType "swiss"]
[EventRounds "9"]
[EventCountry "SVK"]
[SourceTitle "EXT 2019"]
[Source "ChessBase"]
[SourceDate "2018.10.10"]
[SourceVersion "1"]
[SourceVersionDate "2018.10.10"]
[SourceQuality "1"]

1. e4 e5 2. Nf3 Nc6 3. Bc4 Nf6 4. d3 Be7 5. Bb3 0-0 6. c3 d6 7. Nbd2 Na5 8. Bc2 c5 9. Nf1 Nc6 10. Ng3 d5 11. Qe2 d4 12. 0-0 h6 13. Ba4 Qc7 14. Nh4 Kh7 15. Nhf5 Ng8 16. Bxc6 bxc6 17. Nxe7 Qxe7 18. c4 f5 19. exf5 Bxf5 20. Nxf5 Rxf5 21. Qe4 g6 22. Qxc6 Rb8 23. b3 Rb6 24. Qe4 Nf6 25. Qe2 e4 26. dxe4 Qxe4 27. Qxe4 Nxe4 28. f3 Ng5 29. Bxg5 hxg5 30. Rfe1 Kg7 31. Re4 Rf4 32. Re5 Rf5 33. Re4 Rf4 34. Re5 Rf5 1/2-1/2

[Event "ISR-ch (Women)"]
[Site "Tiberias"]
[Date "2016.12.07"]
[Round "3"]
[White "Vardi, Shlomit"]
[Black "Levitan, Ronit"]
[Result "1-0"]
[WhiteElo "1926"]
[BlackElo "1712"]
[PlyCount "147"]
[EventDate "2016.12.05"]
[EventType "swiss"]
[EventRounds "9"]
[EventCountry "ISR"]
[SourceTitle "CBM 176 Extra"]
[Source "ChessBase"]
[SourceDate "2017.03.02"]
[SourceVersion "1"]
[SourceVersionDate "2017.03.02"]
[SourceQuality "1"]

1. e4 e5 2. Nf3 Nc6 3. Bc4 Bc5 4. c3 Nf6 5. d3 d6 6. Bb3 Bb6 7. 0-0 Ne7 8. Nbd2 c6 9. h3 Ng6 10. d4 0-0 11. Re1 h6 12. Nf1 exd4 13. cxd4 d5 14. e5 Ne4 15. Ng3 Nxg3 16. fxg3 Ne7 17. g4 Ng6 18. Bc2 Be6 19. Be3 Qe7 20. Qd2 Rfe8 21. Qf2 Rac8 22. Rac1 Bc7 23. Bb1 Bb8 24. Qg3 Bd7 25. h4 Nf8 26. Bd2 Ne6 27. Qf2 b6 28. Qe2 Nf8 29. g5 hxg5 30. hxg5 c5 31. Qd3 c4 32. Qc2 Bg4 33. Nh2 Bh5 34. Rf1 Bg6 35. Qc3 Bxb1 36. Rxb1 Ne6 37. Nf3 b5 38. a3 a6 39. Be3 Ba7 40. g3 Bb6 41. Kg2 g6 42. Qd2 Ng7 43. Nh2 Qd7 44. Rf6 Bd8 45. Rxa6 Nf5 46. Rf1 Qb7 47. Rxf5 Qxa6 48. Rf1 Ba5 49. Qe2 Bd8 50. Ng4 Rc7 51. Rh1 c3 52. bxc3 Rxc3 53. Qf2 Rc7 54. Qf4 b4 55. axb4 Rc2+ 56. Bf2 Qe6 57. Ne3 Rb2 58. b5 Rxb5 59. Qh4 Kf8 60. Ra1 Kg8 61. Qh6 Bxg5 62. Qxg5 Qe7 63. Qh6 Qf8 64. Qh3 Reb8 65. Ng4 R8b6 66. Qh4 Rb2 67. Rh1 Qg7 68. Nf6+ Kf8 69. Nd7+ Ke8 70. Nxb6 Rxb6 71. Ra1 Rb8 72. Ra7 Qf8 73. Qf6 Rc8 74. Qa6 1-0

[Event "EU-Cup (Women) 21st"]
[Site "Novi Sad"]
[Date "2016.11.10"]
[Round "5.7"]
[White "Vardi, Shlomit"]
[Black "Santeramo, Alessia Carmen"]
[Result "1-0"]
[WhiteElo "1889"]
[BlackElo "2097"]
[PlyCount "65"]
[EventDate "2016.11.06"]
[EventType "team-swiss"]
[EventRounds "7"]
[EventCountry "SRB"]
[SourceTitle "CBM 175 Extra"]
[Source "ChessBase"]
[SourceDate "2016.12.12"]
[SourceVersion "1"]
[SourceVersionDate "2016.12.12"]
[SourceQuality "1"]
[WhiteTeam "Rishon Le Zion (W)"]
[BlackTeam "Lazio Scacchi (W)"]
[WhiteTeamCountry "ISR"]
[BlackTeamCountry "ITA"]

1. e4 e5 2. Nf3 Nc6 3. Bc4 Nf6 4. d3 Bc5 5. c3 0-0 6. Bb3 d5 7. Nbd2 d4 8. Qe2 a5 9. a4 Ba7 10. 0-0 Nd7 11. Bd5 Ne7 12. Bb3 Nc6 13. Bd5 Ne7 14. Bb3 Kh8 15. cxd4 exd4 16. Ng5 Nd5 17. Qh5 N5f6 18. Qh4 Ne5 19. Qg3 Qe7 20. Nc4 Ng6 21. f4 Bb8 22. Ne5 Be6 23. Bxe6 fxe6 24. Nxg6+ hxg6 25. Qh3+ Kg8 26. e5 Ra6 27. Qh4 c5 28. Rf3 c4 29. Rh3 Nh5 30. g4 Qb4 31. gxh5 gxh5 32. Qxh5 Qe1+ 33. Kg2 1-0

[Event "EU-Cup (Women) 20th"]
[Site "Skopje"]
[Date "2015.10.21"]
[Round "4.4"]
[White "Di Primio, Eugenia"]
[Black "Vardi, Shlomit"]
[Result "1-0"]
[WhiteElo "1948"]
[BlackElo "1906"]
[PlyCount "63"]
[EventDate "2015.10.18"]
[EventType "team-swiss"]
[EventRounds "7"]
[EventCountry "MKD"]
[SourceTitle "CBM 168 Extra"]
[Source "ChessBase"]
[SourceDate "2015.10.29"]
[SourceVersion "1"]
[SourceVersionDate "2015.10.29"]
[SourceQuality "1"]
[WhiteTeam "Chieti Fischer (W)"]
[BlackTeam "Rishon Le Zion (W)"]
[WhiteTeamCountry "ITA"]
[BlackTeamCountry "ISR"]

1. e4 d6 2. d4 g6 3. Nc3 Bg7 4. h3 a6 5. Nf3 b5 6. Be3 Bb7 7. Bd3 Nd7 8. Ne2 c5 9. c3 Ngf6 10. Ng3 e6 11. 0-0 0-0 12. Nd2 cxd4 13. cxd4 e5 14. dxe5 dxe5 15. Qb3 Qe7 16. a4 b4 17. Rac1 Rfc8 18. a5 Bf8 19. Bb1 Ne8 20. f4 Rxc1 21. Rxc1 exf4 22. Bxf4 Nc5 23. Qf3 Qe6 24. Be3 Nd7 25. Nc4 Ndf6 26. Nb6 Rd8 27. Bg5 h6 28. Bf4 Kg7 29. Qe2 Rd4 30. Be3 Rd8 31. e5 Qxe5 32. Bxh6+ 1-0

[Event "EU-Cup (Women) 20th"]
[Site "Skopje"]
[Date "2015.10.20"]
[Round "3.4"]
[White "Vardi, Shlomit"]
[Black "Edakina, Anastasia"]
[Result "1-0"]
[WhiteElo "1906"]
[BlackElo "1736"]
[PlyCount "72"]
[EventDate "2015.10.18"]
[EventType "team-swiss"]
[EventRounds "7"]
[EventCountry "MKD"]
[SourceTitle "CBM 168 Extra"]
[Source "ChessBase"]
[SourceDate "2015.10.29"]
[SourceVersion "1"]
[SourceVersionDate "2015.10.29"]
[SourceQuality "1"]
[WhiteTeam "Rishon Le Zion (W)"]
[BlackTeam "Oslo Schakselskap (W)"]
[WhiteTeamCountry "ISR"]
[BlackTeamCountry "NOR"]

1. e4 c5 2. Nc3 Nc6 3. g3 g6 4. Bg2 Bg7 5. d3 d6 6. Nge2 e6 7. 0-0 Nge7 8. Be3 0-0 9. Qd2 Nd4 10. Nd1 Rb8 11. h3 b5 12. g4 Bb7 13. Ng3 Qb6 14. c3 Ndc6 15. h4 Ne5 16. f3 f5 17. Nf2 fxg4 18. Nxg4 Nxg4 19. fxg4 Rxf1+ 20. Rxf1 Rf8 21. Rxf8+ Bxf8 22. h5 Qc7 23. Qf2 Nc6 24. d4 Qf7 25. Qd2 Qc7 26. Kh2 Qe7 27. Bg5 Qf7 28. h6 Be7 29. Be3 Qf6 30. g5 Qf7 31. Qe2 a6 32. Bh3 cxd4 33. cxd4 d5 34. Qg4 dxe4 35. Nxe4 Qf5 36. Qg2 Nd8 1-0

[Event "EU-ch 16th"]
[Site "Jerusalem"]
[Date "2015.02.24"]
[Round "1"]
[White "Hansen, Sune Berg"]
[Black "Vardi, Shlomit"]
[Result "1-0"]
[WhiteElo "2571"]
[BlackElo "1945"]
[PlyCount "85"]
[EventDate "2015.02.24"]
[EventType "swiss"]
[EventRounds "11"]
[EventCountry "ISR"]
[SourceTitle "CBM 166"]
[Source "ChessBase"]
[SourceDate "2015.05.11"]
[SourceVersion "1"]
[SourceVersionDate "2015.05.11"]
[SourceQuality "1"]

1. Nf3 Nf6 2. g3 g6 3. b3 Bg7 4. Bb2 d6 5. d4 0-0 6. Bg2 c5 7. 0-0 Na6 8. c4 Bd7 9. Nc3 Qa5 10. e3 Rab8 11. Qe2 Rfe8 12. Rfd1 Bc6 13. e4 cxd4 14. Nxd4 Bd7 15. Ndb5 Ng4 16. a3 Be6 17. b4 Qb6 18. c5 dxc5 19. Na4 Qc6 20. e5 Qc8 21. Nxa7 Bc4 22. Qxc4 Qf5 23. Qe2 cxb4 24. axb4 Nxb4 25. Bh3 h5 26. f3 Qc2 27. Qxc2 Nxc2 28. fxg4 Nxa1 29. Rxa1 hxg4 30. Bxg4 Red8 31. Nb6 Rd2 32. Bc3 Rc2 33. Nd5 Ra8 34. Nxe7+ Kh7 35. Nd5 Rxc3 36. Nxc3 Bxe5 37. Ra3 Bd4+ 38. Kg2 Rxa7 39. Rxa7 Bxa7 40. Bc8 b6 41. Nd5 g5 42. Kf3 Kg6 43. Ne7+ 1-0